[Event "Athens Attikis op"]
[Site "Athens"]
[Date "2006.06.08"]
[Round "9"]
[White "Patrinos, Ilias"]
[Black "Giovanis, Daniil"]
[Result "1-0"]
[WhiteElo "1736"]
[BlackElo "1787"]
[PlyCount "97"]
[EventDate "2006.06.01"]
[EventType "swiss"]
[EventRounds "9"]
[EventCountry "GRE"]
[SourceTitle "EXT 2024"]
[Source "ChessBase"]
[SourceDate "2023.10.10"]
[SourceVersion "1"]
[SourceVersionDate "2023.10.10"]
[SourceQuality "1"]

1. d4 Nf6 2. Nc3 d5 3. Bg5 Nbd7 4. Nf3 e6 5. Qd3 h6 6. Bf4 c5 7. e4 cxd4 8. Qxd4 Bc5 9. Qd3 dxe4 10. Nxe4 Nxe4 11. Qxe4 Qb6 12. 0-0-0 Qb4 13. Nd4 0-0 14. c3 Qb6 15. Be3 Nf6 16. Qf3 Bd7 17. Bxh6 e5 18. Qg3 Nh5 19. Qg5 Qxh6 20. Qxh6 gxh6 21. Nb3 Bg4 22. Nxc5 Bxd1 23. Kxd1 b6 24. Ne4 Rfd8+ 25. Kc2 f5 26. Nd2 Rd6 27. Nc4 Rd5 28. Ne3 Rd6 29. Nxf5 Rf6 30. g4 Nf4 31. Bc4+ Kh7 32. Re1 h5 33. f3 hxg4 34. fxg4 Re8 35. h4 e4 36. Bb5 Re5 37. Rf1 Nh5 38. a4 Ng7 39. Nxg7 Kxg7 40. Rxf6 Kxf6 41. Kd2 e3+ 42. Ke2 a5 43. Kf3 Re7 44. Bd3 Re8 45. g5+ Kg7 46. h5 Re5 47. h6+ Kh8 48. g6 Re6 49. g7+ 1-0